| 000 | 00000nam##2200000za#4500 |
| 001 | 9.530301 |
| 003 | CaOODSP |
| 005 | 20200331230131 |
| 007 | ta |
| 008 | 150406|1998||||xxc||||| f|0| 0 fre|d |
| 040 | |aCaOODSP|bfre |
| 041 | |aeng |
| 041 | |afre |
| 043 | |an-cn--- |
| 086 | 1 |aBT31-2/1999-III-19 |
| 110 | 1 |aCanada. |bConseil du trésor. |
| 245 | 10|aAffaires indiennes et du Nord Canada et Commission canadienne des affaires polaires |
| 260 | |aOttawa - Ontario : |bSecrétariat du Conseil du Trésor du Canada |c1998. |
| 300 | |a75p. : |bgraphiques, organigramme, tableaux ; |c28 cm. |
| 490 | 1 |aBudget des dépenses 1998-1999, partie III: Rapport sur les plans et les priorités |
| 546 | |aBilingue |
| 563 | |aCouverture souple |
| 590 | |a98-14|b1998-04-03 |
| 776 | 0#|tIndian and Northern Affairs Canada and Canadian Polar Commission, 1998-99 estimates, a report on plans and priorities |w(CaOODSP)9.567629 |
| 776 | 0#|tAffaires indiennes et du Nord Canada et Commission canadienne des affaires polaires, budget des dépenses 1998-1999, rapport sur les plans et les priorités |w(CaOODSP)9.598956 |
| 791 | |tIndian and Northern Affairs Canada and Canadian Polar Commission |eeng|w(CaOODSP)9.530300 |
| 830 | #0|aBudget des dépenses 1998-1999, partie III: Rapport sur les plans et les priorités.|w(CaOODSP)9.508961 |
| 020 | |a0-660-60457-4 |